000 00859nam a2200241 4500
003 OSt
005 20240614001850.0
006 a
008 240614b |||||||| |||| 00| 0 eng d
020 _a9718614249
040 _aDWCL-Main lib.
_cOC
082 _2Third edition
_aFil. 624.1 G478s 2003
100 _aGillesania, Diego Inocencio T.
245 _aStructural engineering and construction for Civil Engineer Licensure Exams /
250 _aThird edition
260 _aCebu City, Phils. :
_bDiego Inocencio Tapang Gillesania,
_cc2003.
300 _aiv,
_b648 p. : ill. ;
_c22 cm.
504 _aIncludes index.
650 _a1. Structural engineering–Examinations, questions, etc.
650 _a2. Building construction–Examinations, questions, etc.
700 _aDiego Inocencio T. Gillesania
942 _2ddc
_n0
_cBK - FIL
_eThird edition
_kFil.
999 _c650
_d650